00318nam a2200145Ia 4500003000500000008004100005020001800046040001900064082000700083100002000090245000800110260003400118300000800152546001200160STCL181203s9999 xx 000 0 und d a9780140309683 aSTCLbENcSTCL 222 aMacGibbon, Jean 0aHal bPuffin BooksaMiddlesexc1974 a221 aEnglish